000 00551nam a2200169 a 4500
001 000045706
005 20201002052411.0
008 150429s1987 dr ac 000 p spa d
040 _aDO-SdBNP
_bspa
_cBNPHU
082 _axxxx
_bxxxx
100 1 _aIkeda, Daisaku,
_d1928-
_947609
245 1 3 _aEl gran sol del caribe /
_cDaisaku Ikeda.
260 _aSanto Domingo :
_bSGI-RD,
_c1987.
300 _a14 p. :
_bil., retrs. ;
_c21 cm.
500 _aIncluye datos biográficos del autor
710 2 2 _aSoka Gakkai Internacional de la República Dominicana
_973763
999 _c45195
_d45195